Фінансове право (Запис № 328726)

МАРК-запис
000 -Лідер
fixed length control field 01840nam a22002657a 4500
001 - Контрольний номер
control field 42595
003 - Ідентифікатор контрольного номера
control field UA-OsUOA
005 - Дата та час останнього входження (трансакції)
control field 20230504161235.0
007 - Фіксоване поле фізичного опису
fixed length control field ta
008 - Елементи даних фіксованої довжини – загальна інформація
fixed length control field 20061113b un ||||| |||| 00| 0 ukr d
020 ## - Міжнародний стандартний книжковий номер (ISBN)
Міжнародний стандартний книжковий номер (ISBN) (НП) 966-574-737-1
040 ## - Джерело каталогізації
Агенція оригінальної каталогізації UA-OsUOA
Мова каталогізації ukr
Агенція, яка здійснювала перезапис UA-OsUOA
Агенція, яка здійснювала модифікацію UA-OsUOA
041 ## - Код мови
Код мови тексту/ звукової доріжки чи окремого заголовка (П) ukr
080 ## - Індекс Універсальної десяткової класифікації
Індекс Універсальної десяткової класифікації (УДК) (НП) 347.73(075.8)
090 ## - Локальний шифр розміщення
Класифікаційний індекс УДК 347.73(075.8)
Авторський знак (НП) Л38
100 ## - Основне введення – ім’я особи
Ім’я особи (НП) Легкова М. Ф.
245 ## - Відомості про назву
Назва (НП) Фінансове право
Решта назви (НП) навчально-методичний посібник для самостійного вивчення дисципліни
260 ## - Публікація, розповсюдження і т.п. (Вихідні дані)
Місце публікації, розповсюдження і т.п. (П) Дніпропетровськ
Ім’я/ наймення видавництва, розповсюджувача і т.п. (П) КНЕУ
Дата публікації, розповсюдження і т.п. (П) 2006
300 ## - Фізичний опис
Обсяг 119 с.
520 ## - Резюме і т.п.
Резюме, реферат, анотація, тощо (НП) Вивчення курсу «Фінансове право» має велике зна­чення для майбутніх фахівців із фінансової справи. Адже під час своєї практичної діяльності за обраним фахом їм необхідно кожну свою дію звіряти із законами та підзаконними актами. Незнання чи поверхове знання право­вих аспектів питань, які потрібно буде вирішувати, може завдати великих збитків тим установам, організаціям,підприємствам, де вони працюватимуть, а, ймовірно, державі загалом. Тому студент має чітко усвідомити важ­ливість цього курсу для свого майбутнього.
650 #7 - Додаткове предметне введення – тематичний термін
Тематичний термін чи географічна назва, як елемент введення (НП) 347 Цивільне право. Судовий устрій
Джерело заголовка чи терміна UDC
942 ## - Додаткові елементи входу (Коха)
Тип елемента Koha Книги
Source of classification or shelving scheme Universal Decimal Classification
955 ## - Код типу видання за змістом
Код типу видання за змістом (НП) Навчальні видання
Фонди
Стан вилучень Стан втрат Джерело класифікації або схеми стелажів Стан уражень Не для кредиту Постійне місце розташування Поточне розміщення Дата придбання Джерело придбання Вартість, звичайна ціна покупки Інвентарний номер Усього замовленно Повний номер виклику Штрих-код Дата останнього перегляду Ціна ефективна від Тип елемента Koha
    Universal Decimal Classification     ЧЗ - Читальна зала ЧЗ - Читальна зала 13/11/2006 120/2006 13.80 100524   347.73(075.8) Л38 100524 09/02/2022 13/11/2006 Книги
    Universal Decimal Classification     ЧЗ - Читальна зала ЧЗ - Читальна зала 13/11/2006 120/2006 13.80 100525   347.73(075.8) Л38 100525 09/02/2022 13/11/2006 Книги